L'étrange destin du Docteur Voronoff : En quête d'une jeunesse éternelle ? (notice n° 1607976)
[ vue normale ]
| 000 -LEADER | |
|---|---|
| fixed length control field | 01055cam a2200133 4500500 |
| 005 - DATE AND TIME OF LATEST TRANSACTION | |
| control field | 20251228142015.0 |
| 041 ## - LANGUAGE CODE | |
| Language code of text/sound track or separate title | fre |
| 042 ## - AUTHENTICATION CODE | |
| Authentication code | dc |
| 100 10 - MAIN ENTRY--PERSONAL NAME | |
| Personal name | Prédal, René |
| Relator term | author |
| 245 00 - TITLE STATEMENT | |
| Title | L'étrange destin du Docteur Voronoff : En quête d'une jeunesse éternelle ? |
| 260 ## - PUBLICATION, DISTRIBUTION, ETC. | |
| Name of publisher, distributor, etc. | L'Harmattan,<br/> |
| Date of publication, distribution, etc. | 2017.<br/> |
| 520 ## - SUMMARY, ETC. | |
| Summary, etc. | Alors que la psychanalyse commence à répandre les théories freudiennes plaçant la sexualité au centre des psychoses et névroses, le Docteur Voronoff, lui, soigne les organes génitaux. Excellant dans l’art des greffes, il agit en chirurgien et non en psychologue. Pour lui, le désir est entre les jambes et non dans le cerveau. En avance sur son temps, Voronoff découvre l’importance fondamentale des glandes sexuelles dans les comportements et l’esprit humains. Mais sa réputation sulfureuse finira par se retourner contre sa valeur scientifique dans un combat entre éthique et raison. |
| 856 41 - ELECTRONIC LOCATION AND ACCESS | |
| Uniform Resource Identifier | <a href="https://shs.cairn.info/letrange-destin-du-docteur-voronoff--9782343120843?lang=fr&redirect-ssocas=7080">https://shs.cairn.info/letrange-destin-du-docteur-voronoff--9782343120843?lang=fr&redirect-ssocas=7080</a> |
Pas d'exemplaire disponible.




Réseaux sociaux